Health Club System (Record no. 97243)

MARC details
000 -LEADER
fixed length control field 00356nam a2200145Ia 4500
008 - FIXED-LENGTH DATA ELEMENTS--GENERAL INFORMATION
fixed length control field 230128s9999 xx 000 0 und d
041 ## - LANGUAGE CODE
Language code of text/sound track or separate title eng
082 ## - DEWEY DECIMAL CLASSIFICATION NUMBER
Classification number RAI PR0215
Item number RAI
100 ## - MAIN ENTRY--PERSONAL NAME
Personal name Rairikar S S
9 (RLIN) 118945
245 ## - TITLE STATEMENT
Title Health Club System
250 ## - EDITION STATEMENT
Edition statement 2K41034
260 ## - PUBLICATION, DISTRIBUTION, ETC. (IMPRINT)
Date of publication, distribution, etc. 2006
Name of publisher, distributor, etc. Pune University
Place of publication, distribution, etc. Pune
502 ## - DISSERTATION NOTE
Name of granting institution Surya Ramdas

No items available.